000 01266nam a2200253Ia 4500
003 PE SENCICO BE
005 20251020182431.0
008 200515s9999 xx 000 0 und d
040 _aPE SENCICO BE
_cPE SENCICO BE
041 _aspa
082 _a692.5
_bR21R
100 1 _aRamos Salazar, Jesús
_9146
_eautor
245 1 0 _aRégimen laboral y costo de mano de obra en construcción civil /
_cJesús Ramos Salazar
250 _a1a ed.
260 _aLima :
_bCAPECO ;
_c1994
300 _a68 p. :
_btbl. ;
_c28 cm.
505 0 _aRegimen laboral en construcción civil -- Costo de mano de obra -- Sistema computarizado de planilla de trabajadores de construcción civil (Planisoft) -- Rendimientos mínimos oficiales de la mano de obra en la industria de la construcción civil en el ramo de edificación.
520 _aAuxiliar integral de consultas que contienen todo lo relacionado al régimen de los trabajadores en construcción civil y en especial los aspectos relacionados al pago de salarios y planilla de jornales, rubro en el que se incluye también los formatos de to
650 1 0 _aPresupuestos de obra
_9863
650 2 0 _aIndustria de la construcción
_9417
650 2 0 _aLegislación
_91707
650 2 0 _aPUB CAPECO
_92575
942 _cLIB
_2ddc
999 _c244
_d244